| 000 | 00726nam a2200181 4500 | ||
|---|---|---|---|
| 003 | LK-CoMWRAF | ||
| 005 | 20240217001553.0 | ||
| 008 | 231215b |||||||| |||| 00| 0 eng d | ||
| 020 | _a9789556250602 | ||
| 040 |
_aLK-CoMWRAF _dLK-CoMWRAF _eLK-CoMWRAF |
||
| 041 | _asin | ||
| 082 |
_a340 _bGOO |
||
| 100 | _aගුණසේකර, සාවිත්රි | ||
| 245 |
_aඑක රටක එක නීතියක් : _bසංකල්පයට මුස්ලිම් කාන්තා පර් යේෂණ හා ක්රියාකාරී සංසදයේ ප්රතිචාරය |
||
| 260 |
_aColombo : _bMuslim Women's Research and Action Forum - MWRAF, _c2022 |
||
| 300 | _a15 p. | ||
| 942 | _cBK | ||
| 999 |
_c4477 _d4477 |
||